000 01047am a2200409a 44500
003 AR-BaBNM
005 20251128211138.0
008 172120s1985 #AR|||||||||||000 | esp||
020 _a84-7291-924-2
040 _cAR-BaBNM
245 1 0 _aEl feudalismo
260 _aMadrid
_bSarpe
_c1985
300 _a161 p.
490 0 _aBiblioteca de la historia
_vv. 43
650 4 _aHISTORIA POLITICA
650 4 _aHISTORIA DE LAS IDEAS
650 4 _aFEUDALISMO
650 4 _aHISTORIA SOCIAL
650 4 _aHISTORIA EUROPEA
650 4 _aHISTORIA ECONOMICA
650 4 _aHISTORIA MEDIEVAL
700 1 _aVilar, Pierre
700 1 _aSoboul, Albert
700 1 _aGoblot, Jean-Jacques
700 1 _aHincker, Francois
700 1 _aFlamarion, Ciro
700 1 _aCardoso, Santana
700 1 _aLemarchand, Guy
700 1 _aGallissot, René
700 1 _aNouschi, André
700 1 _aPoncet, Jean
700 1 _aPrenant, André
700 1 _aValensi, Lucette
700 1 _aParain, Charles
942 _cBK
998 _cmariana
999 _c18436
_d18436